01113nas a2200289 4500001001300000003000900013005001700022007000300039008003400042040005400076041000900130072000800139100001700147100001500164100001700179100001500196245011600211246010300327650001100430650002600441650002900467773009400496909004000590942001800630999001900648952015600667BR2012000827BR-BrBNA20231205120122.0ta230509b bl.|||p| |||| 00| 00por d aBR-BrBNAbporcBiblioteca Nacional de Agricultura a(Pt) aE161 aFreire, A.H.1 aReis, R.P.1 aFontes, R.E.1 aVeiga, R.D1 aEficiência econômica da cafeicultura no sul de Minas Gerais: uma aplicação da fronteira de produção1 aEconomic efficiency of coffee in the south of Minas Gerais: one application of production frontier aCAFÉ aCUSTO DE PRODUÇÃO aECONOMIA DA PRODUÇÃO0 tCoffee Science (Brazil)xISSN 1809-6875g(May-Aug 2011), v. 6(2) p. 172-183wBR2012000827 a202311bLúciac55dLúcia Elande 2AGRISn0cANA c217114d217114 002AGRIS4071a41918b41918cPeriódicos Agrícolash(May-Aug 2011), v. 6(2) p. 172-183l0r2023-11-29t01yCRePortaria Interministerial nº 164/94